000 01015cam a2200325 i 4500
999 _c200445038
_d63250
001 200445038
003 TR-AnTOB
005 20250625142421.0
007 ta
008 111122s2018 tu b 000 0 tur d
020 _a9786057963116
_q(paperback)
035 _a(TR-AnTOB)200445038
040 _aSULEY
_beng
_erda
_cSULEY
_dTR-AnTOB
_dTR-AnTOB
041 0 _atur
050 1 4 _aKKX2430
090 _aKKX2430
_b.D64 2018
100 1 _aDoğan, Vahit
_eauthor
_956428
245 1 0 _aTürk vatandaşlık hukuku /
_cProf. Dr. Vahit Doğan.
250 _aGüncellenmiş 15. Baskı
_bEylül 2018
264 1 _aAnkara :
_bSavaş Yayınevi,
_c2018.
300 _axxii, 325 pages ;
_c24 cm
336 _atext
_btxt
_2rdacontent
337 _aunmediated
_bn
_2rdamedia
338 _avolume
_bnc
_2rdacarrier
504 _aIncludes bibliographical references.
650 7 _aYurttaşlık
_zTürkiye
_2
_922119
650 7 _aHukuk
_zTürkiye
_2etuturkob
_9103119
942 _2lcc
_cBK